| 000 | 00467nam a2200157 i 4500 | ||
|---|---|---|---|
| 001 | 112097 | ||
| 003 | ES-MaACL | ||
| 005 | 20230906185435.0 | ||
| 007 | t| | ||
| 008 | 061121q19101919uy r ||||1| spa d | ||
| 100 | 1 |
_aNavarro Monzó, Luis. _985151 |
|
| 245 | 1 | 3 |
_aEl psicoanálisis personal _b: por qué hacerlo y cómo hacerlo / _cJulio Navarro Monzó. |
| 260 |
_aMontevideo : _bMundo Nuevo, _c[19-?] |
||
| 300 |
_a74 p. ; _c19 cm. |
||
| 852 |
_aES-MaACL _j1779-F-12 |
||
| 999 |
_c112097 _d112097 |
||